| 000 | 00677nam a22002057a 4500 | ||
|---|---|---|---|
| 999 |
_c6468 _d6468 |
||
| 003 | OSt | ||
| 005 | 20200123114741.0 | ||
| 008 | 200123b ||||| |||| 00| 0 eng d | ||
| 020 | _a9780415599627 | ||
| 040 | _c040a | ||
| 082 |
_a338.94 _bPUR 2008 |
||
| 245 |
_aIn pursuit of sustainable development: _bnew governance practices at the sub-national level in Europe / _cSusan Baker, Katarina Eckerberg |
||
| 260 |
_aOxon _bRoutledge _c2008 |
||
| 300 |
_axxii,234p; _bill : _c14 cm. |
||
| 504 | _aIncludes bibliographical references and index | ||
| 650 | _2Sustainable development | ||
| 700 |
_aBaker, Susan _913302 |
||
| 700 |
_aEckerberg, Katarina _913303 |
||
| 942 |
_2ddc _cO_SHELF |
||